000 00306nam a22001337a 4500
008 181107b xxu||||| |||| 00| 0 eng d
020 _a9780877791850
041 _aeng
080 _a038
100 _a23
101 _aFJA
245 _aWebster's Compact Rhyming Dictionary
_cWebster, M
942 _2udc
_cBK
999 _c52243
_d52243